Waste research (Record no. 118138)

MARC details
000 -LEADER
fixed length control field 01209cam a2200229 4500
001 - CONTROL NUMBER
control field WB@3612-886
008 - FIXED-LENGTH DATA ELEMENTS--GENERAL INFORMATION
fixed length control field 041012n2004 000 0 eng u
035 ## - SYSTEM CONTROL NUMBER
System control number (Sirsi) u127666
245 ## - TITLE STATEMENT
Title Waste research
260 ## - PUBLICATION, DISTRIBUTION, ETC.
Date of publication, distribution, etc. 2004
490 ## - SERIES STATEMENT
Series statement DEFRA News Release
Volume/sequential designation (395/04) 11 October 2004 (3)
520 ## - SUMMARY, ETC.
Summary, etc. DEFRA has announced £1.35m funding for research focused on novel ways to divert biodegradable waste from landfill sites. The research will be in innovative technologies and processes that will help to meet England's obligations to reduce the amount of biodegradable waste - including kitchen, garden and paper waste - going into landfill sites. As well as exploring new treatment options to reduce the amount of waste going to landfill, the research programme will investigate techniques to speed up the production of composting and ways to produce clean hydrogen energy from waste. http://www.gnn.gov.uk/Content/Detail.asp?ReleaseID =131789&NewsAreaID=2
590 ## - LOCAL NOTE (RLIN)
Local note WB
590 ## - LOCAL NOTE (RLIN)
Local note WB
650 ## - SUBJECT ADDED ENTRY--TOPICAL TERM
Topical term or geographic name entry element WASTE STRATEGY
650 ## - SUBJECT ADDED ENTRY--TOPICAL TERM
Topical term or geographic name entry element BIODEGRADABLE WASTE
650 ## - SUBJECT ADDED ENTRY--TOPICAL TERM
Topical term or geographic name entry element LANDFILL SITES
650 ## - SUBJECT ADDED ENTRY--TOPICAL TERM
Topical term or geographic name entry element HOUSEHOLD WASTE
650 ## - SUBJECT ADDED ENTRY--TOPICAL TERM
Topical term or geographic name entry element MUNICIPAL SERVICES
690 ## - LOCAL SUBJECT ADDED ENTRY--TOPICAL TERM (OCLC, RLIN)
Topical term or geographic name as entry element WASTE MANAGEMENT
942 ## - ADDED ENTRY ELEMENTS (KOHA)
Suppress in OPAC 0
Holdings
Withdrawn status Lost status Source of classification or shelving scheme Damaged status Not for loan Home library Current library Shelving location Date acquired Total Checkouts Full call number Barcode Date last seen Copy number Price effective from Koha item type
    Dewey Decimal Classification     London London News article 12/10/2004   WB4039-14 127666-1001 06/08/2019 1 06/08/2019 News article